01530nmm a2200325 450000100060000000300160000600500170002200800410003904000420008004100080012207200280013009000260015810000520018424502500023626000450048630000130053133600270054433700270057133800390059850000840063750200970072165000540081865000530087265000240092570000580094985601500100791200150115794200150117299900170118757772Biblioteca APEC20251014103517.0221015b2018 dr ||||| |||| 00| 0 spa d aBiblioteca APECbspacBiblioteca APEC aspa aFacultad de Humanidades aeT TPG-CI MMM-02 201810aMarte Rosario, Yunice Altagraciaeautor911108510aDiseño y evaluación por competencia en el área y volumen de los cuerpos redondos en segundo de secundaria en la Escuela Señoritas Villas del Orbe, La Vega /cYunica Altagracia Marte Rosario ; asesor: Santiago de Jesús Artidiello Moreno aSanto Domingo :bUniversidad APEC,c2018 a1 CD ROM aTextobtxt2rdacontent aordenadorbc2rdamedia arecurso en líneabcr2rdacarrier aTesis en Formato PDF. Tesis en Formato Electrónico. Tesis en Formato Digital. aTesis (Maestría en la Enseñanza de Matemática Media-Superior) - Universidad APEC, 2018 72lembaMatemáticasxEnseñanza secundaria96158 72lembaMatemáticasxEnseñanza superior938760 7aPedagogía9111086 0aArtidiello Moreno, Santiago de Jesúseasesor989610 uhttps://bibliotecaunapec.blob.core.windows.net/tesis/TPG_C1_MMM_02_2018_eT220431.pdfyHacer clic para ver el PDF (1.55 MB). Trabajo de posgrado aAJRPbAJIM 2ddccE-TES c14181d14181